Návrh technológie syntézy metylacetátu

Enregistré dans:
Détails bibliographiques
Auteur principal: Hubert, Matej (Auteur)
Autres auteurs: Labovský, Juraj (Directeur de thèse)
Format: Manuscrit Livre
Langue:slovaque
Publié: 2025
Sujets:
Accès en ligne:http://is.stuba.sk/zp/portal_zp.pl?podrobnosti=176103
Tags: Ajouter un tag
Pas de tags, Soyez le premier à ajouter un tag!

MARC

LEADER 00000ntm a22000003a 4500
001 stuzp105112
003 SK-STU
005 20250628212351.3
007 ta
008 150427s2015----xo-----f-mn---000-0-slo-d
040 |a STU  |b slo 
041 0 |a slo 
100 1 |a Hubert, Matej  |u 046230  |4 aut  |U FCHPT Ústav chemického a environmentálneho inžinierstva  |T FCHPT Oddelenie chemického a biochemického inžinierstva  |X 121420  |U C6230  |Y 119  |7 121420 
242 0 1 |a Design of methyl acetate synthesis technology  |y eng 
245 1 0 |a Návrh technológie syntézy metylacetátu 
260 |c 2025 
650 4 |a metylacetát  |2 slo 
650 4 |a matematické modelovanie  |2 slo 
650 4 |a ekonomická bilancia  |2 slo 
650 4 |a reaktívna destilácia  |2 slo 
650 4 |a methyl acetate  |2 eng 
650 4 |a mathematical modeling  |2 eng 
650 4 |a economic evaluation  |2 eng 
650 4 |a reactive distillation  |2 eng 
700 1 |a Labovský, Juraj  |u 046230  |k Z1  |4 ths  |U FCHPT Ústav chemického a environmentálneho inžinierstva  |T FCHPT Oddelenie chemického a biochemického inžinierstva  |X 10292  |U C6230  |Y 119  |7 A000010292 
856 4 |u http://is.stuba.sk/zp/portal_zp.pl?podrobnosti=176103